| 000 | 00733nam a22002177a 4500 | ||
|---|---|---|---|
| 999 |
_c16227 _d16227 |
||
| 003 | AR-CdUCM | ||
| 008 | 190502b ||||| |||| 00| 0 spa d | ||
| 040 |
_aMUNICIPALIDAD PROVINCIAL DEL CUSCO _cBIBLIOTECA MUNICIPAL DEL CUSCO |
||
| 082 |
_22ed _a868.384 / _bD66 |
||
| 100 |
_aD`halmar, Augusto _935544 |
||
| 245 | _aLa mancha de Don Quijite / | ||
| 260 |
_aChile : _bErcilla, _c1935. |
||
| 300 |
_a163 páginas ; _c23 cm. |
||
| 440 |
_aBiblioteca américa _nIII _935545 |
||
| 505 | _aContenido: Primera jornada -- Intermedio -- Segunda jornada... | ||
| 650 |
_aEl Quijote _916374 |
||
| 650 |
_aClásico universal _935546 |
||
| 650 |
_aEl caballero de la triste figura _935547 |
||
| 942 |
_2ddc _cLIBROS |
||
| 945 |
_adavv _d02/05/2019 |
||